000 00338nam a22001457a 4500
008 230707b ||||| |||| 00| 0 eng d
020 _a9780803925476
041 _aeng
080 _2VOLUME91
_a159.9
082 _a159.9SPA
100 _a25
101 _aPSI
245 _aTHE SOCIAL PSYCHOLOGY OF AGING
_cSPACAPAN.SH
942 _2udc
_cBK
999 _c60119
_d60119